00818nam a22002177a 4500003000500000005001700005008004100022020002900063040003800092041001200130082001500142100001600157245005600173250002000229260007000249300004100319490002800360500011700388650005900505650003600564322820260519113020.0220421b sa ||||| |||| 00| 0 eng d a9781770087767qhardcover aWorldCatbEnglishcWorldCatd3228 aEnglish aJ 920 DONV aDonvé Lee aLira : bmaking her dreams come true /cDonvé Lee a First edition. aGallo Manor, South Africa : bAwareness Publishing Group, c2018. a44 pages : billustrations ; c26 cm aGreat African Musicians aIssued in slipcase with other titles in series; one poster included in this series. Includes glossary and index. 2Soul musiciansaLira, v Biographyy1979zSouth Africa a MusiciansvJuvenile literature